Mathematical methods in chemical engineering (Record no. 25039)

000 -LEADER
fixed length control field 00548nam a22002051 4500
001 - CONTROL NUMBER
control field 25039
003 - CONTROL NUMBER IDENTIFIER
control field BD-DhUET
008 - FIXED-LENGTH DATA ELEMENTS--GENERAL INFORMATION
fixed length control field 730313s1963 xx 000 0 eng
040 ## - CATALOGING SOURCE
Original cataloging agency DLC
Transcribing agency OClU
Modifying agency BD-DhUET
082 ## - DEWEY DECIMAL CLASSIFICATION NUMBER
Classification number 660.28
Item number JEN/1963
100 ## - MAIN ENTRY--PERSONAL NAME
Personal name Jenson, V. G.
245 10 - TITLE STATEMENT
Title Mathematical methods in chemical engineering
250 ## - EDITION STATEMENT
Edition statement 1st ed.
260 ## - PUBLICATION, DISTRIBUTION, ETC. (IMPRINT)
Place of publication, distribution, etc. London
Name of publisher, distributor, etc. Academic Press
Date of publication, distribution, etc. 1963
300 ## - PHYSICAL DESCRIPTION
Extent xi, 556 p.
Other physical details illus.
Dimensions 24cm.
504 ## - BIBLIOGRAPHY, ETC. NOTE
Bibliography, etc Includes bibliographies
650 #0 - SUBJECT ADDED ENTRY--TOPICAL TERM
Topical term or geographic name as entry element Chemical engineering
700 ## - ADDED ENTRY--PERSONAL NAME
Personal name Jeffreys, G. V.
942 ## - ADDED ENTRY ELEMENTS (KOHA)
Koha item type General Book
Holdings
Koha normalized classification for sorting Piece designation (barcode) Source of classification or shelving scheme Koha item type Withdrawn status Location (home branch) Koha full call number Not for loan Shelving location Date acquired Sublocation or collection (holding branch) Koha date last seen Lost status Copy number Price effective from Damaged status
660_280000000000000_JEN_196322438 General Book Central Library, BUET660.28/JEN/1963 Circulation section2015-05-12Central Library, BUET2015-05-12 12015-05-12 
660_280000000000000_JEN_196322440 General Book Central Library, BUET660.28/JEN/1963 Circulation section2015-05-12Central Library, BUET2015-05-12 22015-05-12 
660_280000000000000_JEN_196322434 General Book Central Library, BUET660.28/JEN/1963 Circulation section2015-05-12Central Library, BUET2015-05-12 32015-05-12 
660_280000000000000_JEN_196322432 General Book Central Library, BUET660.28/JEN/1963 Circulation section2015-05-18Central Library, BUET2015-05-18 42015-05-18 
660_280000000000000_JEN_196322435 General Book Central Library, BUET660.28/JEN/1963 Circulation section2015-05-18Central Library, BUET2015-05-18 52015-05-18 
660_280000000000000_JEN_196329450 General Book Central Library, BUET660.28/JEN/1963 Circulation section2015-05-18Central Library, BUET2015-05-18 62015-05-18 
660_280000000000000_JEN_196329449 General Book Central Library, BUET660.28/JEN/1963 Circulation section2015-05-18Central Library, BUET2015-05-18 72015-05-18 
660_280000000000000_JEN_196329448 General Book Central Library, BUET660.28/JEN/1963 Circulation section2015-05-18Central Library, BUET2015-05-18 82015-05-18 
660_280000000000000_JEN_196329457 General Book Central Library, BUET660.28/JEN/1963 Circulation section2015-05-18Central Library, BUET2015-05-18 92015-05-18 
660_280000000000000_JEN_196329454 General Book Central Library, BUET660.28/JEN/1963 Circulation section2015-05-18Central Library, BUET2015-05-18 102015-05-18 
660_280000000000000_JEN_196329453 General Book Central Library, BUET660.28/JEN/1963 Circulation section2015-05-18Central Library, BUET2015-05-18 112015-05-18 
660_280000000000000_JEN_196329451 General Book Central Library, BUET660.28/JEN/1963 Circulation section2015-05-18Central Library, BUET2015-05-18 122015-05-18 
660_280000000000000_JEN_196322431 General Book Central Library, BUET660.28/JEN/1963 Circulation section2015-05-18Central Library, BUET2015-05-18 132015-05-18 
660_280000000000000_JEN_196329452 General Book Central Library, BUET660.28/JEN/1963 Circulation section2015-05-18Central Library, BUET2015-05-18 142015-05-18 
660_280000000000000_JEN_196322436 General Book Central Library, BUET660.28/JEN/1963 Circulation section2015-05-18Central Library, BUET2015-05-18 152015-05-18 
660_280000000000000_JEN_196329456 Reading Item Central Library, BUET660.28/JEN/1963 Reading section2015-06-17Central Library, BUET2015-06-17 162015-06-17 
660_280000000000000_JEN_196329455. Reading Item Central Library, BUET660.28/JEN/1963 Reading section2015-06-18Central Library, BUET2015-06-18 172015-06-18 
660_280000000000000_JEN_196322439 Reading Item Central Library, BUET660.28/JEN/1963 Reading section2015-07-10Central Library, BUET2015-07-10 182015-07-10